000 00283nam a22001217a 4500
008 170413b xxu||||| |||| 00| 0 eng d
041 _aeng
080 _a612.39
100 _a10
101 _ashm
245 _aCREATIVE FOOD EXPERIENCES FOR CHILDREN
_cGOODWIN, M.T
942 _2udc
_cBK
999 _c10632
_d10632